[Event "Uadjpur Pandiyar Memorial 7th"]
[Site "Uadjpur"]
[Date "2022.10.09"]
[Round "4"]
[White "Apaar, Saxena"]
[Black "Parekh, Vishrut"]
[Result "1-0"]
[WhiteElo "1557"]
[BlackElo "1801"]
[PlyCount "99"]
[EventDate "2022.10.08"]
[EventType "swiss"]
[EventRounds "9"]
[EventCountry "IND"]
[SourceTitle "CBM 210 Extra"]
[Source "ChessBase"]
[SourceDate "2022.11.30"]
[SourceVersion "1"]
[SourceVersionDate "2022.11.30"]
[SourceQuality "1"]

1. e4 c5 2. Nc3 Nc6 3. Bb5 Nd4 4. Nf3 e6 5. 0-0 a6 6. Bd3 Ne7 7. Nxd4 cxd4 8. Ne2 Nc6 9. c3 Bc5 10. b4 Bb6 11. a4 Qh4 12. Bc2 d3 13. Bxd3 Ne5 14. g3 Qh5 15. Bc2 Ng4 16. h4 g5 17. Kg2 gxh4 18. Nf4 Qg5 19. d4 Rg8 20. Nd5 h3+ 21. Kh1 Qd8 22. Nxb6 Qxb6 23. f3 Nf6 24. g4 Qc7 25. Qe1 b6 26. e5 Nd5 27. Be4 Bb7 28. Bd2 0-0-0 29. Qh4 Kb8 30. Qxh3 Rdf8 31. Rac1 Ne7 32. c4 Bxe4 33. fxe4 Qb7 34. d5 Ng6 35. Bf4 Nxf4 36. Rxf4 Qc7 37. Qh5 f5 38. d6 Qb7 39. gxf5 exf5 40. Qf3 Rg6 41. Rc2 Qc8 42. exf5 Rg5 43. Rg2 Qd8 44. e6 Rxg2 45. Kxg2 dxe6 46. fxe6 Qg5+ 47. Qg4 Qxf4 48. Qxf4 Rxf4 49. e7 Rg4+ 50. Kf3 1-0

[Event "Uadjpur Pandiyar Memorial 7th"]
[Site "Uadjpur"]
[Date "2022.10.09"]
[Round "3"]
[White "Parekh, Vishrut"]
[Black "Abijit, Mistry"]
[Result "1-0"]
[WhiteElo "1801"]
[BlackElo "1487"]
[PlyCount "66"]
[EventDate "2022.10.08"]
[EventType "swiss"]
[EventRounds "9"]
[EventCountry "IND"]
[SourceTitle "CBM 210 Extra"]
[Source "ChessBase"]
[SourceDate "2022.11.30"]
[SourceVersion "1"]
[SourceVersionDate "2022.11.30"]
[SourceQuality "1"]

1. d4 Nf6 2. c4 d6 3. Nf3 c6 4. Nc3 Bg4 5. e4 Nbd7 6. Be2 e5 7. Be3 Be7 8. h3 Bh5 9. g4 Bg6 10. Qc2 exd4 11. Nxd4 d5 12. Nf5 Bxf5 13. exf5 Qa5 14. 0-0-0 dxc4 15. Bxc4 Nb6 16. Bxb6 axb6 17. Rhe1 Qc5 18. g5 Qxc4 19. gxf6 gxf6 20. Re4 Qc5 21. Rde1 0-0-0 22. Rxe7 Qc4 23. Qe2 Qf4+ 24. Qe3 Qg5 25. Qxg5 fxg5 26. Rxf7 Rd7 27. Ree7 Rxe7 28. Rxe7 Rf8 29. Ne4 h6 30. f6 h5 31. f7 Kd8 32. Rxb7 Kc8 33. Nd6+ Kd8 1-0

[Event "Chennai op 13th"]
[Site "Chennai"]
[Date "2022.06.20"]
[Round "3"]
[White "Parekh, Vishrut"]
[Black "Aaryan, Varshney"]
[Result "1/2-1/2"]
[WhiteElo "1762"]
[BlackElo "2295"]
[PlyCount "91"]
[EventDate "2022.06.19"]
[EventType "swiss"]
[EventRounds "10"]
[EventCountry "IND"]
[SourceTitle "CBM 209 Extra"]
[Source "ChessBase"]
[SourceDate "2022.09.30"]
[SourceVersion "1"]
[SourceVersionDate "2022.09.30"]
[SourceQuality "1"]

1. d4 Nf6 2. c4 e6 3. Nf3 b6 4. g3 Bb7 5. Bg2 Be7 6. 0-0 0-0 7. d5 d6 8. Nc3 e5 9. Nh4 g6 10. e4 Ne8 11. Nf3 Nd7 12. Bh6 Ng7 13. Nd2 Bg5 14. Bxg5 Qxg5 15. Qe2 f5 16. exf5 gxf5 17. Rae1 a6 18. f4 Qh6 19. fxe5 dxe5 20. Qe3 Qd6 21. Nf3 Rae8 22. Nh4 e4 23. Bh3 Ne5 24. Bxf5 Nxc4 25. Qd4 b5 26. Rxe4 Qb6 27. Qxb6 Nxb6 28. Rd4 Rd8 29. Rdf4 Kh8 30. Be6 Rxf4 31. Rxf4 Nxe6 32. dxe6 Re8 33. Rf7 b4 34. Ne2 Bd5 35. Rxc7 Bxe6 36. Rb7 Bxa2 37. Rxb6 Rxe2 38. Rxb4 Bd5 39. Nf5 h5 40. Nh4 Kh7 41. Rb6 Bc4 42. Ng6 Bb5 43. Nf4 Rxb2 44. Nxh5 Rb1+ 45. Kf2 Rb2+ 46. Ke3 1/2-1/2

[Event "MPL-ch U20 50th"]
[Site "Gurugram"]
[Date "2022.03.09"]
[Round "2"]
[White "Parekh, Vishrut"]
[Black "Koustav, Chatterjee"]
[Result "0-1"]
[WhiteElo "1747"]
[BlackElo "2466"]
[PlyCount "72"]
[EventDate "2022.03.09"]
[EventType "swiss"]
[EventRounds "9"]
[EventCountry "IND"]
[SourceTitle "CBM 207 Extra"]
[Source "ChessBase"]
[SourceDate "2022.05.31"]
[SourceVersion "1"]
[SourceVersionDate "2022.05.31"]
[SourceQuality "1"]

1. Nf3 d5 2. d4 Nf6 3. c4 e6 4. g3 dxc4 5. Bg2 c6 6. 0-0 b5 7. a4 Bb7 8. Ne5 a6 9. Nc3 Bd6 10. axb5 axb5 11. Rxa8 Bxa8 12. Nxb5 cxb5 13. Bxa8 0-0 14. Bg2 Bxe5 15. dxe5 Nd5 16. Qd4 Nb4 17. Qc5 Qa5 18. Bd2 N8a6 19. Qe7 Rb8 20. Bc3 Qa4 21. Be4 Na2 22. Bc6 Rf8 23. Bd4 Qa5 24. Ra1 b4 25. Be4 b3 26. Bxh7+ Kxh7 27. Qxf8 Qc7 28. Qd6 Qb7 29. Rd1 N6b4 30. f3 Nc2 31. Qc5 Qd5 32. Qxd5 exd5 33. Kf2 Nxd4 34. Rxd4 c3 35. bxc3 b2 36. Rd1 Nc1 0-1

[Event "Udaipur Lakecity op 1st"]
[Site "Udaipur"]
[Date "2019.09.13"]
[Round "1"]
[White "Parekh, Vishrut"]
[Black "Swapnil, S Dhopade"]
[Result "0-1"]
[WhiteElo "1683"]
[BlackElo "2501"]
[PlyCount "72"]
[EventDate "2019.09.13"]
[EventType "swiss"]
[EventRounds "10"]
[EventCountry "IND"]
[SourceTitle "EXT 2020"]
[Source "ChessBase"]
[SourceDate "2019.10.17"]
[SourceVersion "1"]
[SourceVersionDate "2019.10.17"]
[SourceQuality "1"]

1. c4 e5 2. g3 c6 3. d4 e4 4. Bg2 d5 5. Nc3 Nf6 6. e3 Na6 7. a3 Nc7 8. Nge2 h5 9. h3 g6 10. Bd2 Bg7 11. Rc1 0-0 12. 0-0 dxc4 13. Nxe4 Nxe4 14. Bxe4 Bxh3 15. Re1 Be6 16. Ba5 Rc8 17. Nf4 Re8 18. Bxc7 Rxc7 19. Bf3 Bd5 20. Kg2 Bxf3+ 21. Qxf3 b5 22. Rh1 c5 23. dxc5 Rxc5 24. Rhd1 Qe7 25. Rc2 a5 26. Nd5 Qe4 27. Qxe4 Rxe4 28. Kf3 Re5 29. Nc3 Re8 30. Ne2 Be5 31. Rd7 Rb8 32. Nc1 Bf6 33. Rd6 Kg7 34. Ra6 b4 35. Ne2 b3 36. Rd2 c3 0-1